000 00639nmc a2200265 a 4500
003 AR-BaBNM
005 20251128202755.0
008 127019s1968 ||||||||||||||000 | spa||
040 _cAR-BaBNM
100 1 _aSábato, Ernesto
245 1 0 _aSobre héroes y tumbas
250 _a8ª ed.
260 _aBuenos Aires
_bSudamericana
_c1968
300 0 _a505 p.
490 0 _aPiragua. Novela
650 4 _aLITERATURA ARGENTINA
650 4 _aESCRITORES
650 4 _aNOVELAS
650 4 _aFILOSOFIA LITERARIA
650 4 _aLITERATURA CONTEMPORANEA
655 _aLITERATURA
740 0 _aEl túnel
942 _cBK
998 _cMARTIN
999 _c497
_d497